Toutes les communes de Tours Métropole Val de Loire - Statistiques

Statistiques générales
  • Ce quiz a été pris 168 fois
  • Le résultat moyen est 11 sur 22
Statistiques - réponses
Commune Population (2023) % Correct
Tours 139 259
95%
Chambray-lès-Tours 12 720
93%
Joué-lès-Tours 38 423
93%
Saint-Cyr-sur-Loire 17 029
84%
Saint-Pierre-des-Corps 15 898
81%
Saint-Avertin 14 999
79%
La Riche 10 487
78%
Fondettes 10 954
73%
Luynes 5 062
50%
Rochecorbon 3 219
48%
Ballan-Miré 8 477
46%
Notre-Dame-d'Oé 4 515
42%
La Membrolle-sur-Choisille 3 290
40%
Saint-Genouph 1 019
36%
Parçay-Meslay 2 574
35%
Mettray 2 070
33%
Savonnières 3 392
31%
Villandry 1 143
31%
Chanceaux-sur-Choisille 3 499
24%
Saint-Étienne-de-Chigny 1 579
15%
Berthenay 707
14%
Druye 1 024
13%
Aucun quiz correspondant
Distribution des résultats
% des personnes avec chaque résultat
Percentile par nombre de réponses
Votre historique - résultats
Vous n’avez pas pris ce quiz